[Event "GER-ch Blitz"]
[Site "Viernheim"]
[Date "2023.07.15"]
[Round "3"]
[White "Heinrich, Thomas"]
[Black "Weller, Manuel"]
[Result "1-0"]
[WhiteElo "2203"]
[BlackElo "2228"]
[PlyCount "93"]
[EventDate "2023.07.15"]
[EventType "tourn (blitz)"]
[EventRounds "29"]
[EventCountry "GER"]
[SourceTitle "CBM 215 Extra"]
[Source "ChessBase"]
[SourceDate "2023.09.30"]
[SourceVersion "1"]
[SourceVersionDate "2023.09.30"]
[SourceQuality "1"]

1. Nf3 g6 2. c4 Bg7 3. Nc3 Nf6 4. e4 0-0 5. d4 d6 6. Be2 e5 7. Be3 exd4 8. Nxd4 Re8 9. Qc2 c6 10. 0-0 a5 11. h3 Qe7 12. Rfe1 Na6 13. Bf1 Nc5 14. f3 Nh5 15. Rad1 a4 16. Bf2 Nf4 17. Nde2 Nfe6 18. Bg3 Be5 19. f4 Bg7 20. f5 Be5 21. fxe6 Bxe6 22. Nf4 Qg5 23. Qf2 Bc8 24. Bh2 a3 25. Nd3 Bxc3 26. bxc3 Nxe4 27. Qf4 Qxf4 28. Bxf4 Bf5 29. Rc1 h5 30. Nf2 Nxf2 31. Kxf2 Rxe1 32. Rxe1 Rd8 33. Rd1 d5 34. cxd5 cxd5 35. Bd3 Be6 36. Be5 d4 37. Bxd4 Bxa2 38. Ra1 Bd5 39. Rxa3 Kh7 40. g4 Kh6 41. Be3+ Kg7 42. g5 Kf8 43. Bc5+ Kg8 44. Bd4 Kf8 45. Bf6 Rc8 46. c4 Bxc4 47. Bxc4 1-0

[Event "GER-ch Blitz"]
[Site "Viernheim"]
[Date "2023.07.15"]
[Round "19"]
[White "Wagner, Dennis"]
[Black "Weller, Manuel"]
[Result "1-0"]
[WhiteElo "2598"]
[BlackElo "2228"]
[PlyCount "75"]
[EventDate "2023.07.15"]
[EventType "tourn (blitz)"]
[EventRounds "29"]
[EventCountry "GER"]
[SourceTitle "CBM 215 Extra"]
[Source "ChessBase"]
[SourceDate "2023.09.30"]
[SourceVersion "1"]
[SourceVersionDate "2023.09.30"]
[SourceQuality "1"]

1. d4 Nf6 2. Nf3 e6 3. c4 Bb4+ 4. Bd2 a5 5. g3 0-0 6. Bg2 d6 7. 0-0 Bxd2 8. Qxd2 Nbd7 9. Nc3 e5 10. Rfe1 Re8 11. Rad1 exd4 12. Nxd4 Nc5 13. e4 Bg4 14. f3 Bd7 15. b3 Bc6 16. Bh3 g6 17. Qh6 Qe7 18. Nd5 Bxd5 19. cxd5 Qf8 20. Qd2 Qg7 21. Rc1 Re7 22. Red1 Nfd7 23. Bxd7 Rxd7 24. g4 Qe5 25. Ne2 f5 26. exf5 gxf5 27. Nf4 fxg4 28. fxg4 Rg7 29. h3 h5 30. Rf1 hxg4 31. h4 Rf8 32. Rce1 Ne4 33. Qe3 Re7 34. Ng6 Rxf1+ 35. Rxf1 Qg7 36. Nxe7+ Qxe7 37. Rf4 Qxh4 38. Rxe4 1-0

[Event "GER-ch Blitz"]
[Site "Viernheim"]
[Date "2023.07.15"]
[Round "8"]
[White "Weller, Manuel"]
[Black "Braeuning, Rudolf Wilhelm"]
[Result "1-0"]
[WhiteElo "2228"]
[BlackElo "2212"]
[PlyCount "125"]
[EventDate "2023.07.15"]
[EventType "tourn (blitz)"]
[EventRounds "29"]
[EventCountry "GER"]
[SourceTitle "CBM 215 Extra"]
[Source "ChessBase"]
[SourceDate "2023.09.30"]
[SourceVersion "1"]
[SourceVersionDate "2023.09.30"]
[SourceQuality "1"]

1. Nf3 c5 2. c4 g6 3. g3 Bg7 4. Bg2 Nc6 5. 0-0 e5 6. Nc3 Nge7 7. a3 d6 8. b4 0-0 9. Rb1 f5 10. d3 e4 11. Nxe4 fxe4 12. dxe4 b6 13. Ne1 Be6 14. Nd3 Bxc4 15. Qc2 Bxd3 16. Qxd3 Kh8 17. Rd1 Nd4 18. e3 Nf3+ 19. Kh1 Ne5 20. Qe2 c4 21. Bb2 b5 22. a4 a6 23. f4 Nd3 24. Bxg7+ Kxg7 25. e5 dxe5 26. Bxa8 Qxa8+ 27. Kg1 Nd5 28. Rxd3 cxd3 29. Qxd3 exf4 30. exf4 Qa7+ 31. Kh1 Rd8 32. axb5 axb5 33. Re1 Qb7 34. Kg1 Qb6+ 35. Kf1 Qc6 36. Qd4+ Kg8 37. Qe5 Nf6 38. Kg1 Qb6+ 39. Kg2 Qc6+ 40. Kg1 Re8 41. Qa1 Rxe1+ 42. Qxe1 Qe4 43. Qc3 Nd5 44. Qc8+ Kg7 45. Qd7+ Kh6 46. Qxb5 Qd4+ 47. Kg2 Qe4+ 48. Kg1 Kg7 49. Qb7+ Kf6 50. Qc6+ Ke7 51. Qc5+ Kd7 52. Qb5+ Kc7 53. Qc5+ Kb7 54. Qb5+ Nb6 55. Qc5 Ka6 56. Qa5+ Kb7 57. Qc5 h5 58. b5 h4 59. gxh4 Qe1+ 60. Kg2 Qe2+ 61. Kg3 Qe1+ 62. Kg4 Qe6+ 63. Kg5 1-0

[Event "GER-ch Blitz"]
[Site "Viernheim"]
[Date "2023.07.15"]
[Round "6"]
[White "Weller, Manuel"]
[Black "Donchenko, Alexander"]
[Result "0-1"]
[WhiteElo "2228"]
[BlackElo "2668"]
[PlyCount "65"]
[EventDate "2023.07.15"]
[EventType "tourn (blitz)"]
[EventRounds "29"]
[EventCountry "GER"]
[SourceTitle "CBM 215 Extra"]
[Source "ChessBase"]
[SourceDate "2023.09.30"]
[SourceVersion "1"]
[SourceVersionDate "2023.09.30"]
[SourceQuality "1"]

1. c4 Nf6 2. g3 e6 3. Bg2 d5 4. Nf3 Be7 5. 0-0 0-0 6. b3 d4 7. Bb2 c5 8. e3 Nc6 9. exd4 cxd4 10. Re1 Re8 11. Ne5 Nxe5 12. Rxe5 Nd7 13. Re2 e5 14. d3 a5 15. Nd2 a4 16. f4 exf4 17. gxf4 Nc5 18. Nf3 Bg4 19. b4 a3 20. Bc1 Na4 21. Bd2 Nc3 22. Bxc3 dxc3 23. h3 Bh5 24. Re5 Bxf3 25. Qxf3 Bxb4 26. Qxb7 Rb8 27. Qc6 Rxe5 28. fxe5 Qxd3 29. Bd5 c2 30. Qd7 Qd1+ 31. Kg2 Qxa1 32. Bxf7+ Kh8 33. Be8 0-1

[Event "GER-ch Blitz"]
[Site "Viernheim"]
[Date "2023.07.15"]
[Round "16"]
[White "Weller, Manuel"]
[Black "Schulze, Marc Andre"]
[Result "0-1"]
[WhiteElo "2228"]
[BlackElo "2170"]
[PlyCount "90"]
[EventDate "2023.07.15"]
[EventType "tourn (blitz)"]
[EventRounds "29"]
[EventCountry "GER"]
[SourceTitle "CBM 215 Extra"]
[Source "ChessBase"]
[SourceDate "2023.09.30"]
[SourceVersion "1"]
[SourceVersionDate "2023.09.30"]
[SourceQuality "1"]

1. d4 Nf6 2. Nf3 c5 3. d5 d6 4. Nc3 g6 5. g3 Bg7 6. Bg2 0-0 7. 0-0 Na6 8. Re1 Nc7 9. a4 a6 10. Nd2 Bd7 11. a5 Nb5 12. Ncb1 Rb8 13. Nc4 Nc7 14. Nc3 Na8 15. e4 b5 16. axb6 Nxb6 17. Na5 Qc7 18. Bg5 Na4 19. Nxa4 Qxa5 20. Nc3 Qc7 21. Ra2 Rb4 22. Qc1 Rfb8 23. h3 Bc8 24. Nd1 a5 25. c3 Rb3 26. Bf1 c4 27. f3 Ba6 28. Be3 Nd7 29. Kg2 Nc5 30. Bxc5 Qxc5 31. Qe3 Qc7 32. Qf2 Bc8 33. Re2 Bd7 34. Rc2 a4 35. Ne3 Bb5 36. Be2 Ra8 37. Qf1 a3 38. bxa3 Raxa3 39. Rxa3 Rxa3 40. Bxc4 Ba4 41. Ra2 Rxa2+ 42. Bxa2 Qxc3 43. Qe2 Bd4 44. Ng4 Qa1 45. Bc4 Qg1# 0-1

[Event "GER-ch Blitz"]
[Site "Magdeburg"]
[Date "2020.08.15"]
[Round "7"]
[White "Barzen, Pascal"]
[Black "Weller, Manuel"]
[Result "1-0"]
[WhiteElo "2321"]
[BlackElo "2237"]
[PlyCount "53"]
[EventDate "2020.08.15"]
[EventType "tourn (blitz)"]
[EventRounds "29"]
[EventCountry "GER"]
[EventCategory "6"]
[SourceTitle "CBM 197 Extra"]
[Source "ChessBase"]
[SourceDate "2020.09.30"]
[SourceVersion "1"]
[SourceVersionDate "2020.09.30"]
[SourceQuality "1"]

1. e4 c6 2. d4 d5 3. Nd2 dxe4 4. Nxe4 Bf5 5. Ng3 Bg6 6. h4 h6 7. Nf3 e6 8. h5 Bh7 9. Bd3 Bxd3 10. Qxd3 Nf6 11. Bd2 Be7 12. 0-0-0 0-0 13. Qe2 Nbd7 14. Kb1 b5 15. Ne5 Qb6 16. f4 c5 17. Nxd7 Nxd7 18. d5 Bf6 19. dxe6 Qxe6 20. Qxe6 fxe6 21. Be3 Rad8 22. Ne4 Be7 23. g4 a6 24. g5 hxg5 25. fxg5 c4 26. h6 Ne5 27. Bd4 1-0

[Event "GER-ch Blitz"]
[Site "Magdeburg"]
[Date "2020.08.15"]
[Round "1"]
[White "Holtel, Jasper"]
[Black "Weller, Manuel"]
[Result "1-0"]
[WhiteElo "2305"]
[BlackElo "2237"]
[PlyCount "117"]
[EventDate "2020.08.15"]
[EventType "tourn (blitz)"]
[EventRounds "29"]
[EventCountry "GER"]
[EventCategory "6"]
[SourceTitle "CBM 197 Extra"]
[Source "ChessBase"]
[SourceDate "2020.09.30"]
[SourceVersion "1"]
[SourceVersionDate "2020.09.30"]
[SourceQuality "1"]

1. e4 c5 2. d4 cxd4 3. c3 d3 4. c4 Nc6 5. Nc3 d6 6. Be3 g6 7. Rc1 Bg7 8. Bxd3 Nf6 9. h3 0-0 10. Nf3 Be6 11. 0-0 Ne5 12. b3 Nxf3+ 13. Qxf3 Nd7 14. Qe2 Ne5 15. Rfd1 Nc6 16. Bb1 Qa5 17. Nd5 Rfe8 18. c5 Bxd5 19. Rxd5 Nb4 20. Rdd1 dxc5 21. Rxc5 Qa6 22. Qxa6 Nxa6 23. Rcd5 b6 24. Bd3 Nc5 25. Bxc5 e6 26. Rd7 bxc5 27. Bc4 Bd4 28. Kf1 Red8 29. Rb7 a5 30. a4 Kg7 31. Rd3 Kf6 32. Rf3+ Ke5 33. Rfxf7 Rf8 34. Ke2 Rab8 35. f3 h5 36. Rbe7 Rxf7 37. Rxf7 Rg8 38. Kd3 g5 39. Re7 Rg6 40. Ra7 g4 41. hxg4 hxg4 42. Rf7 gxf3 43. gxf3 Rg1 44. f4+ Kd6 45. e5+ Kc6 46. Bxe6 Rg3+ 47. Ke4 Re3+ 48. Kf5 Rf3 49. Bc4 Be3 50. Ke4 Rh3 51. Bd5+ Kb6 52. e6 Bd4 53. Bc4 Kc6 54. Bd5+ Kb6 55. e7 Ka6 56. f5 Kb6 57. Bc4 Kc6 58. Bb5+ Kd6 59. e8N# 1-0

[Event "GER-ch Blitz"]
[Site "Magdeburg"]
[Date "2020.08.15"]
[Round "23"]
[White "Stein, Robert"]
[Black "Weller, Manuel"]
[Result "0-1"]
[WhiteElo "2325"]
[BlackElo "2237"]
[PlyCount "52"]
[EventDate "2020.08.15"]
[EventType "tourn (blitz)"]
[EventRounds "29"]
[EventCountry "GER"]
[EventCategory "6"]
[SourceTitle "CBM 197 Extra"]
[Source "ChessBase"]
[SourceDate "2020.09.30"]
[SourceVersion "1"]
[SourceVersionDate "2020.09.30"]
[SourceQuality "1"]

1. d4 Nf6 2. c4 e6 3. g3 Bb4+ 4. Bd2 a5 5. Bg2 0-0 6. Nf3 b6 7. 0-0 Bxd2 8. Qxd2 Bb7 9. Nc3 d6 10. Qc2 Nbd7 11. Rfe1 d5 12. cxd5 exd5 13. Nb5 c5 14. Rac1 c4 15. b3 cxb3 16. Qxb3 Ba6 17. Nc7 Bc4 18. Rxc4 dxc4 19. Qxc4 Rc8 20. Rc1 Qe7 21. Qa6 Qd6 22. Qb7 Nd5 23. Nxd5 Rxc1+ 24. Bf1 Rb8 25. Qa7 Qxd5 26. Ne5 Rd8 0-1

[Event "GER-ch Blitz"]
[Site "Magdeburg"]
[Date "2020.08.15"]
[Round "26"]
[White "Weller, Manuel"]
[Black "Braeuning, Rudolf Wilhelm"]
[Result "1/2-1/2"]
[WhiteElo "2237"]
[BlackElo "2244"]
[PlyCount "31"]
[EventDate "2020.08.15"]
[EventType "tourn (blitz)"]
[EventRounds "29"]
[EventCountry "GER"]
[EventCategory "6"]
[SourceTitle "CBM 197 Extra"]
[Source "ChessBase"]
[SourceDate "2020.09.30"]
[SourceVersion "1"]
[SourceVersionDate "2020.09.30"]
[SourceQuality "1"]

1. c4 e5 2. g3 c6 3. Nf3 e4 4. Nd4 d5 5. cxd5 Nf6 6. Bg2 Qxd5 7. Nc2 Na6 8. Nc3 Qe5 9. 0-0 Be7 10. d3 exd3 11. exd3 Be6 12. Re1 Qh5 13. Qxh5 Nxh5 14. Nd4 Bd7 15. Bg5 Nf6 16. Bxf6 1/2-1/2

[Event "GER-ch Blitz"]
[Site "Magdeburg"]
[Date "2020.08.15"]
[Round "4"]
[White "Weller, Manuel"]
[Black "Braun, Georg"]
[Result "0-1"]
[WhiteElo "2237"]
[BlackElo "2360"]
[PlyCount "79"]
[EventDate "2020.08.15"]
[EventType "tourn (blitz)"]
[EventRounds "29"]
[EventCountry "GER"]
[EventCategory "6"]
[SourceTitle "CBM 197 Extra"]
[Source "ChessBase"]
[SourceDate "2020.09.30"]
[SourceVersion "1"]
[SourceVersionDate "2020.09.30"]
[SourceQuality "1"]

1. c4 c5 2. g3 Nc6 3. Bg2 g6 4. Nf3 Bg7 5. Nc3 d6 6. 0-0 Nf6 7. e3 0-0 8. d4 Bg4 9. h3 Bxf3 10. Bxf3 Rc8 11. b3 Nd7 12. Ne2 e5 13. Bb2 exd4 14. exd4 Re8 15. Bg2 Qf6 16. Rb1 Qf5 17. dxc5 Bxb2 18. Rxb2 dxc5 19. g4 Qf6 20. Rd2 Nf8 21. Rd6 Qe5 22. Ng3 Rcd8 23. Rd5 Rxd5 24. Qxd5 Qe7 25. Rd1 Ne6 26. Qe4 Rd8 27. Rd5 Ncd4 28. Kh2 Rd6 29. Ne2 Nxe2 30. Qxe2 Qc7 31. Kg1 Qd7 32. Qe5 Rxd5 33. Bxd5 Nd4 34. Qb8+ Kg7 35. Qe5+ f6 36. Qb8 b6 37. Qa8 Ne2+ 38. Kf1 Nf4 39. a4 Nxh3 40. Ke2 0-1

[Event "GER-ch Blitz"]
[Site "Magdeburg"]
[Date "2020.08.15"]
[Round "24"]
[White "Weller, Manuel"]
[Black "Krause, Benedict"]
[Result "1/2-1/2"]
[WhiteElo "2237"]
[BlackElo "2425"]
[PlyCount "26"]
[EventDate "2020.08.15"]
[EventType "tourn (blitz)"]
[EventRounds "29"]
[EventCountry "GER"]
[EventCategory "6"]
[SourceTitle "CBM 197 Extra"]
[Source "ChessBase"]
[SourceDate "2020.09.30"]
[SourceVersion "1"]
[SourceVersionDate "2020.09.30"]
[SourceQuality "1"]

1. c4 g6 2. g3 Bg7 3. Bg2 c5 4. Nf3 Nc6 5. Nc3 e6 6. d4 cxd4 7. Nb5 d5 8. cxd5 exd5 9. 0-0 Nge7 10. Bf4 0-0 11. Nc7 Rb8 12. Nb5 Ra8 13. Nc7 Rb8 1/2-1/2

[Event "GER-ch Blitz"]
[Site "Magdeburg"]
[Date "2020.08.15"]
[Round "29"]
[White "Weller, Manuel"]
[Black "Voege, Tobias"]
[Result "0-1"]
[WhiteElo "2237"]
[BlackElo "2326"]
[PlyCount "126"]
[EventDate "2020.08.15"]
[EventType "tourn (blitz)"]
[EventRounds "29"]
[EventCountry "GER"]
[EventCategory "6"]
[SourceTitle "CBM 197 Extra"]
[Source "ChessBase"]
[SourceDate "2020.09.30"]
[SourceVersion "1"]
[SourceVersionDate "2020.09.30"]
[SourceQuality "1"]

1. c4 c5 2. g3 g6 3. Bg2 Bg7 4. Nf3 Nf6 5. Nc3 0-0 6. d4 cxd4 7. Nxd4 Nc6 8. 0-0 Nxd4 9. Qxd4 d6 10. Qd3 Bf5 11. e4 Be6 12. Rd1 a6 13. b3 Ng4 14. Bb2 b5 15. cxb5 Qb6 16. Qe2 axb5 17. h3 Ne5 18. Kh2 Rfb8 19. f4 Nc6 20. f5 gxf5 21. exf5 Bxf5 22. Nd5 Qa7 23. Bxg7 Kxg7 24. Rac1 Rc8 25. Ne3 Bd7 26. Qh5 Qxe3 27. Re1 Qh6 28. Qe2 Ne5 29. Rcd1 Ra7 30. Rd4 Kh8 31. Rh4 Qf6 32. Rf1 Qg7 33. Be4 Ng6 34. Rh5 Rac7 35. Rf2 e6 36. Bd3 d5 37. h4 b4 38. Rg5 Qh6 39. Rh5 Qg7 40. Rg5 h6 41. Rh5 Rc3 42. Qd2 Rxd3 43. Qxd3 Rc3 44. Qd2 Kh7 45. Re2 Be8 46. Re3 Rxe3 47. Qxe3 e5 48. Rf5 d4 49. Qe4 Kg8 50. h5 Nf8 51. Rxe5 Ne6 52. Qd5 Kf8 53. Qd6+ Kg8 54. Qd5 Qg4 55. Re4 Qg5 56. Re5 Qf6 57. Rf5 Qe7 58. Re5 Bd7 59. Qxd4 Bc6 60. Qg4+ Kf8 61. Qc4 Qd6 62. Qe2 Ng5 63. Re3 Qf6 0-1

[Event "GER-ch Net Amateur Gr-A Final"]
[Site "Playchess.com INT"]
[Date "2020.04.18"]
[Round "4"]
[White "Koellner, Christof"]
[Black "Weller, Manuel"]
[Result "0-1"]
[WhiteElo "1992"]
[BlackElo "2092"]
[PlyCount "112"]
[EventDate "2020.04.18"]
[EventType "swiss (blitz)"]
[EventRounds "13"]
[EventCountry "GER"]
[SourceTitle "CBM 195 Extra"]
[Source "ChessBase"]
[SourceDate "2020.05.31"]
[SourceVersion "1"]
[SourceVersionDate "2020.05.31"]
[SourceQuality "1"]

1. d4 d5 2. Nf3 Nc6 3. e3 Bg4 4. Be2 Nf6 5. 0-0 e6 6. c4 g6 7. b3 Bg7 8. Bb2 0-0 9. h3 Bxf3 10. Bxf3 Ne4 11. Nd2 f5 12. Nxe4 fxe4 13. Bg4 Qf6 14. Qd2 h5 15. Be2 Ne7 16. Ba3 c6 17. Bxe7 Qxe7 18. f4 exf3 19. Rxf3 Bh6 20. Raf1 Rxf3 21. Rxf3 Rf8 22. Qd3 Kg7 23. e4 Rxf3 24. Bxf3 dxc4 25. bxc4 Qb4 26. Qe2 Qb1+ 27. Kf2 Qa1 28. d5 Qd4+ 29. Kf1 e5 30. g3 Be3 31. Kg2 Bg5 32. h4 Be7 33. Kh3 Bc5 34. Bg2 a5 35. Qf1 a4 36. Qe2 a3 37. Qf1 Qb2 38. dxc6 bxc6 39. Qd3 Bd4 40. Qf3 Qxa2 41. g4 hxg4+ 42. Qxg4 Qxc4 43. Bf3 Qf1+ 44. Bg2 Qd3+ 45. Bf3 Qf1+ 46. Bg2 Qf7 47. h5 a2 48. hxg6 Qxg6 49. Qd7+ Kh6 50. Qa7 a1Q 51. Qxa1 Bxa1 52. Bf3 Bd4 53. Bg4 Qg5 54. Bf5 Bf2 55. Bg4 c5 56. Bh5 Qg3# 0-1

[Event "GER-ch Net Amateur Gr-A Final"]
[Site "Playchess.com INT"]
[Date "2020.04.18"]
[Round "5"]
[White "Weller, Manuel"]
[Black "Bausch, Thomas"]
[Result "1-0"]
[WhiteElo "2092"]
[BlackElo "1934"]
[PlyCount "83"]
[EventDate "2020.04.18"]
[EventType "swiss (blitz)"]
[EventRounds "13"]
[EventCountry "GER"]
[SourceTitle "CBM 195 Extra"]
[Source "ChessBase"]
[SourceDate "2020.05.31"]
[SourceVersion "1"]
[SourceVersionDate "2020.05.31"]
[SourceQuality "1"]

1. c4 c5 2. g3 Nc6 3. Bg2 g6 4. Nf3 Bg7 5. Nc3 e6 6. d4 cxd4 7. Nb5 d5 8. cxd5 exd5 9. 0-0 Nge7 10. Nbxd4 0-0 11. b3 Nf5 12. Bb2 Nfxd4 13. Nxd4 Qb6 14. Nxc6 bxc6 15. Bxg7 Kxg7 16. Rc1 Re8 17. Rxc6 Qxc6 18. Bxd5 Qa6 19. Bxa8 Bh3 20. Bg2 Bxg2 21. Kxg2 Qxe2 22. Qd4+ Re5 23. Qxa7 Rf5 24. Qd4+ Kg8 25. Rc1 Qf3+ 26. Kg1 f6 27. Rc8+ Kg7 28. Rc7+ Kh6 29. Qh4+ Rh5 30. Qf4+ Qxf4 31. gxf4 Rh4 32. Rc4 Kh5 33. a4 f5 34. a5 Rh3 35. Rb4 Kg4 36. a6 Rc3 37. Kg2 h5 38. a7 h4 39. h3+ Rxh3 40. a8Q Rc3 41. f3+ Rxf3 42. Qxf3# 1-0

[Event "GER-ch Net Amateur Gr-A Final"]
[Site "Playchess.com INT"]
[Date "2020.04.18"]
[Round "6"]
[White "Weller, Manuel"]
[Black "Woelk, Tom Frederic"]
[Result "0-1"]
[WhiteElo "2092"]
[BlackElo "2004"]
[PlyCount "72"]
[EventDate "2020.04.18"]
[EventType "swiss (blitz)"]
[EventRounds "13"]
[EventCountry "GER"]
[SourceTitle "CBM 195 Extra"]
[Source "ChessBase"]
[SourceDate "2020.05.31"]
[SourceVersion "1"]
[SourceVersionDate "2020.05.31"]
[SourceQuality "1"]

1. c4 Nf6 2. g3 e6 3. Bg2 d5 4. Nf3 d4 5. 0-0 c5 6. e3 Be7 7. exd4 cxd4 8. d3 0-0 9. a3 a5 10. Re1 Na6 11. Nbd2 Nc5 12. Qc2 Qc7 13. Ng5 Rd8 14. Rb1 Bd7 15. b4 Ba4 16. Qa2 Nxd3 17. Rf1 axb4 18. axb4 Bd1 19. Ba3 Be2 20. Rfe1 Nxe1 21. Rxe1 d3 22. Qb3 Qb6 23. Nh3 Rxa3 24. Qxa3 Qxb4 25. Qa2 Qc3 26. Rb1 Qc2 27. Rb2 Qd1+ 28. Bf1 Ne4 29. Rb1 Qxd2 30. Qa4 Bg4 31. Nf4 Qxf2+ 32. Kh1 Bf3+ 33. Bg2 Qxg2+ 34. Nxg2 d2 35. h4 Nc3 36. Qa3 Bxa3 0-1

[Event "GER-ch Net Amateur Gr-A Vor3"]
[Site "Playchess.com INT"]
[Date "2020.04.16"]
[Round "1"]
[White "Weller, Manuel"]
[Black "Sieber, Heiko"]
[Result "0-1"]
[WhiteElo "2159"]
[BlackElo "1887"]
[PlyCount "78"]
[EventDate "2020.04.16"]
[EventType "swiss (blitz)"]
[EventRounds "9"]
[EventCountry "GER"]
[SourceTitle "CBM 195 Extra"]
[Source "ChessBase"]
[SourceDate "2020.05.31"]
[SourceVersion "1"]
[SourceVersionDate "2020.05.31"]
[SourceQuality "1"]

1. c4 c5 2. g3 b6 3. Bg2 Nc6 4. Nf3 g6 5. d4 cxd4 6. Nxd4 Bb7 7. 0-0 Bg7 8. e3 Nf6 9. Nc3 0-0 10. b3 Rb8 11. Nde2 d6 12. Bb2 Qd7 13. Qd2 Ne5 14. Nd5 Nxd5 15. cxd5 Qf5 16. Nd4 Qh5 17. f4 Ng4 18. h3 Nf6 19. Nc6 Bxc6 20. g4 Qh4 21. dxc6 Qg3 22. Rac1 Rbc8 23. b4 b5 24. Bd4 a6 25. Rc3 Ne4 26. Qd3 Nxc3 27. Bxc3 Bxc3 28. Qxc3 Rc7 29. Rf3 Qh4 30. e4 Qf6 31. e5 Qe6 32. Re3 d5 33. Rd3 Rd8 34. Qd4 Qxc6 35. Bxd5 Qc1+ 36. Rd1 Qxd1+ 37. Qxd1 e6 38. Qb3 Rxd5 39. Qd3 Rxd3 0-1

[Event "GER-ch Net Amateur Gr-A Vor1"]
[Site "Playchess.com INT"]
[Date "2020.04.14"]
[Round "1"]
[White "Ermitsch, Magnus"]
[Black "Weller, Manuel"]
[Result "0-1"]
[WhiteElo "1849"]
[BlackElo "2133"]
[PlyCount "84"]
[EventDate "2020.04.14"]
[EventType "swiss (blitz)"]
[EventRounds "9"]
[EventCountry "GER"]
[SourceTitle "EXT 2021"]
[Source "ChessBase"]
[SourceDate "2020.10.23"]
[SourceVersion "1"]
[SourceVersionDate "2020.10.23"]
[SourceQuality "1"]

1. e4 c5 2. Nf3 e6 3. d4 cxd4 4. Nxd4 Nc6 5. Nc3 Qc7 6. Ndb5 Qb8 7. Be3 a6 8. Bb6 axb5 9. Nxb5 Bb4+ 10. c3 Ba5 11. Nc7+ Qxc7 12. Bxc7 Bxc7 13. Qg4 g6 14. Be2 Nge7 15. 0-0 0-0 16. f4 d5 17. exd5 exd5 18. Qf3 Be6 19. Bd3 Rfd8 20. a3 Ra4 21. f5 Bxf5 22. Bxf5 Nxf5 23. Rad1 Rf4 24. Qd3 Ne5 25. Qb5 Rxf1+ 26. Rxf1 Rd7 27. Re1 Re7 28. Re2 d4 29. Qxb7 dxc3 30. bxc3 Kg7 31. a4 Bd6 32. Qd5 Bb8 33. a5 h5 34. a6 h4 35. c4 h3 36. g3 Rd7 37. Ra2 Ba7+ 38. Kf1 Ne3+ 39. Ke2 Nxd5 40. cxd5 Rxd5 41. Rb2 Rd7 42. Rb3 Kf6 0-1

[Event "GER-ch Net Amateur Gr-A Vor1"]
[Site "Playchess.com INT"]
[Date "2020.04.14"]
[Round "2"]
[White "Weller, Manuel"]
[Black "Steffens, Olaf"]
[Result "1-0"]
[WhiteElo "2139"]
[BlackElo "1960"]
[PlyCount "111"]
[EventDate "2020.04.14"]
[EventType "swiss (blitz)"]
[EventRounds "9"]
[EventCountry "GER"]
[SourceTitle "EXT 2021"]
[Source "ChessBase"]
[SourceDate "2020.10.23"]
[SourceVersion "1"]
[SourceVersionDate "2020.10.23"]
[SourceQuality "1"]

1. c4 b6 2. Nc3 Ba6 3. b3 g6 4. d4 Bg7 5. Nf3 e6 6. e4 Ne7 7. Bd3 c5 8. Be3 Nbc6 9. Ne2 d5 10. dxc5 d4 11. Bd2 bxc5 12. 0-0 e5 13. b4 cxb4 14. Qa4 Qa5 15. Qxa5 Nxa5 16. Bxb4 Bxc4 17. Bxc4 Nxc4 18. Rfc1 Rc8 19. Rab1 Nb6 20. Rxc8+ Nexc8 21. Ne1 Bf8 22. Nd3 Bxb4 23. Rxb4 f6 24. f4 0-0 25. fxe5 fxe5 26. Nxe5 Re8 27. Nf3 Rxe4 28. Nexd4 Nd6 29. a4 Nbc4 30. h4 Kf7 31. Rb8 Kg7 32. Ra8 Re7 33. Nc6 Rc7 34. Rxa7 Rxa7 35. Nxa7 Nb7 36. Nc6 Nba5 37. Nxa5 Nxa5 38. Kf2 Kf6 39. Ke3 Kf5 40. Kd4 Kg4 41. Kc5 Kg3 42. Kb4 Nc6+ 43. Kc5 Nb8 44. Kb6 Kxg2 45. Ng5 h6 46. Nf7 g5 47. hxg5 hxg5 48. Nxg5 Kg3 49. a5 Kf4 50. Ne6+ Ke5 51. Kb7 Nd7 52. a6 Kxe6 53. a7 Nc5+ 54. Kc6 Na6 55. a8Q Nc7 56. Kxc7 1-0

[Event "GER-ch Net blitz qual5"]
[Site "Playchess.com INT"]
[Date "2020.03.28"]
[Round "11"]
[White "Jeschke, Jan"]
[Black "Weller, Manuel"]
[Result "1-0"]
[WhiteElo "2043"]
[BlackElo "2242"]
[PlyCount "103"]
[EventDate "2020.03.28"]
[EventType "swiss (blitz)"]
[EventRounds "13"]
[EventCountry "GER"]
[SourceTitle "CBM 195 Extra"]
[Source "ChessBase"]
[SourceDate "2020.05.31"]
[SourceVersion "1"]
[SourceVersionDate "2020.05.31"]
[SourceQuality "1"]

1. e4 c6 2. d4 d5 3. e5 Bf5 4. Nf3 e6 5. Be2 c5 6. Be3 cxd4 7. Nxd4 Ne7 8. 0-0 Nbc6 9. c4 Nxd4 10. Bxd4 Nc6 11. cxd5 Qxd5 12. Bf3 Be4 13. Nc3 Qxd4 14. Qxd4 Nxd4 15. Bxe4 0-0-0 16. Rac1 Kb8 17. Rfd1 Be7 18. Kf1 a6 19. Na4 f6 20. exf6 gxf6 21. Nb6 f5 22. Bd5 Bf6 23. Bxe6 Nxe6 24. Nd7+ Rxd7 25. Rxd7 Bxb2 26. Rb1 Nc5 27. Rd5 Na4 28. Rxf5 b5 29. Rf4 Kc7 30. Rxa4 bxa4 31. Rxb2 Rd8 32. Ke2 Kc6 33. Rb4 a3 34. Ra4 Kb5 35. Rxa3 a5 36. Rh3 Rd7 37. Rh4 a4 38. Re4 a3 39. f4 Rc7 40. Kd3 Rc1 41. Re2 Rb1 42. f5 Rf1 43. g4 h5 44. h3 hxg4 45. hxg4 Rf4 46. Re4 Rf2 47. Re2 Rf4 48. Rg2 Kc6 49. Ke3 Rb4 50. Rc2+ Kd6 51. Rc3 Rf4 52. Kxf4 1-0

[Event "GER-ch Net blitz qual5"]
[Site "Playchess.com INT"]
[Date "2020.03.28"]
[Round "8"]
[White "Weller, Manuel"]
[Black "Richter, Philipp2222"]
[Result "1-0"]
[WhiteElo "2242"]
[BlackElo "2105"]
[PlyCount "55"]
[EventDate "2020.03.28"]
[EventType "swiss (blitz)"]
[EventRounds "13"]
[EventCountry "GER"]
[SourceTitle "CBM 195 Extra"]
[Source "ChessBase"]
[SourceDate "2020.05.31"]
[SourceVersion "1"]
[SourceVersionDate "2020.05.31"]
[SourceQuality "1"]

1. c4 c5 2. Nc3 Nf6 3. g3 d5 4. cxd5 Nxd5 5. Bg2 Nc7 6. Qa4+ Bd7 7. Qb3 Nc6 8. Qxb7 Nd4 9. Kd1 e5 10. e3 Nde6 11. Nf3 Bd6 12. Ne4 Ba4+ 13. b3 Bb5 14. Bb2 f6 15. a4 Bd3 16. Qc6+ Qd7 17. Nxd6+ Ke7 18. Qxd7+ Kxd7 19. Nc4 Rab8 20. Nfxe5+ fxe5 21. Nxe5+ Kd6 22. Nxd3 Rxb3 23. Kc2 Rhb8 24. Be5+ Kd7 25. Rhb1 Rxb1 26. Rxb1 Rxb1 27. Kxb1 Ne8 28. Bh3 1-0

[Event "GER-ch Net blitz qual5"]
[Site "Playchess.com INT"]
[Date "2020.03.28"]
[Round "9"]
[White "Weller, Manuel"]
[Black "Siedentopf, Daniel"]
[Result "0-1"]
[WhiteElo "2242"]
[BlackElo "2273"]
[PlyCount "46"]
[EventDate "2020.03.28"]
[EventType "swiss (blitz)"]
[EventRounds "13"]
[EventCountry "GER"]
[SourceTitle "CBM 195 Extra"]
[Source "ChessBase"]
[SourceDate "2020.05.31"]
[SourceVersion "1"]
[SourceVersionDate "2020.05.31"]
[SourceQuality "1"]

1. c4 f5 2. Nc3 Nf6 3. g3 g6 4. Bg2 Bg7 5. d3 0-0 6. e4 d6 7. Nge2 e5 8. 0-0 Nc6 9. exf5 Bxf5 10. d4 exd4 11. Nxd4 Nxd4 12. Qxd4 c6 13. Qh4 Ng4 14. Bg5 Qb6 15. h3 Nxf2 16. Rxf2 Bd4 17. Raf1 Bd3 18. c5 Qxc5 19. Na4 Bxf2+ 20. Kh2 Qc4 21. Rd1 Qxh4 22. Bxh4 Bc2 23. Rd4 Bxd4 0-1